Estadísticas para 15 principales países con muertes de Covid-19 - 16 de mayo

Haz click aquí para intentar la prueba.

Estadísticas generales

  • Esta prueba ha sido intentada 4 veces
  • La puntuación promedio es 15 de 21

Estadísticas de respuestas

país% Correcto
Brasil
100%
España
100%
Estados Unidos
100%
Portugal
100%
Alemania
75%
Bélgica
75%
Canadá
75%
China
75%
Irán
75%
Italia
75%
México
75%
Reino Unido
75%
Turquía
75%
Dinamarca
50%
Ecuador
50%
Francia
50%
Irlanda
50%
Países Bajos
50%
Suecia
50%
Suecia
50%
Suiza
50%

Distribución de puntuación

Porcentaje por número respondido

Porcentaje de gente con cada puntuación

Historial de tus puntuaciones

No has intentado esta prueba.